| 000 | 00944nam a22003137a 4500 | ||
|---|---|---|---|
| 001 | BR2010004864 | ||
| 003 | BR-BrBNA | ||
| 005 | 20230928103359.0 | ||
| 007 | ta | ||
| 008 | 230509b bl.||||| |||| 00| 0 por d | ||
| 040 |
_aBR-BrBNA _bpor _cBiblioteca Nacional de Agricultura |
||
| 041 | _a(Por) | ||
| 072 |
_aF30; L20 _b6100 |
||
| 090 | _ 6100 BR2010004864 | ||
| 100 | 1 | _aCampos, E.J. | |
| 110 | 1 |
_aFundação de Estudo e Pesquisa em Medicina Veterinária e Zootecnia, Belo Horizonte, MG (Brasil) _95121 |
|
| 245 | 1 | _aAvicultura: razões, fatos e divergências | |
| 260 | 3 |
_aBelo Horizonte, MG (Brasil): _c2000. |
|
| 300 | _a311 p. | ||
| 500 | _a102 tables; 133 illus. | ||
| 650 | _aAVICULTURA | ||
| 650 | _aMELHORAMENTO GENÉTICO ANIMAL | ||
| 650 | _aECOLOGIA ANIMAL | ||
| 650 | _aINSTALAÇÃO PARA ANIMAL | ||
| 650 | _aBEM-ESTAR | ||
| 650 | _aCOMPORTAMENTO ANIMAL | ||
| 909 |
_a202309 _bLucia _c55 _dLucia Elande |
||
| 942 | _cBK | ||
| 999 |
_c74865 _d74865 |
||